000 00587nas a2200205 4500
001 BR9603625
003 BR-BrBNA
005 20231205094812.0
007 ta
008 230509b bl.|||p| |||| 00| 00por d
040 _aBR-BrBNA
_bpor
_cBiblioteca Nacional de Agricultura
041 _a(Pt)
072 _aE20
100 1 _aAnon.
245 1 _aSeguro rural esta pronto para garantir produtor
650 _aSeguro Rural
773 0 _tBalde Branco (Brazil)
_xISSN 0005-4275
_g(Dec 1973), no. 110 p. 22-23
_wBR9603625
909 _a202311
_bLúcia
_c55
_dLúcia Elande
942 _2AGRIS
_n0
_cANA
999 _c146938
_d146938